| 000 | 01258naa a2200313 c 4500 | ||
|---|---|---|---|
| 001 | 47623 | ||
| 003 | ES-MaCES | ||
| 005 | 20160505131039.0 | ||
| 008 | 160505s2016 uk ||||| t||||||| ||eng d | ||
| 040 |
_aES-MaCES _bspa _cES-MaCES _dES-MaCES |
||
| 100 | 1 |
_99690 _aClasen, Jochen |
|
| 245 | 1 | 0 |
_aComparative social policy analysis and active labour market policy _b: putting quality before quantity _cJochen Clasen, Daniel Clegg, Alexander Goerne |
| 500 | _aResumen | ||
| 504 | _aBibliografía: p. 36-38 | ||
| 650 | 4 |
_927029 _apolítica social |
|
| 650 | 4 |
_928292 _amercado de trabajo |
|
| 650 | 4 |
_928300 _apolítica de empleo |
|
| 650 | 4 |
_930270 _afomento del empleo |
|
| 650 | 4 |
_929242 _acreación de empleos |
|
| 650 | 4 |
_929481 _aEstado-Benefactor |
|
| 650 | 4 |
_928892 _acomparación |
|
| 650 | 4 |
_929055 _apaís de la OCDE |
|
| 653 | 1 | 0 | _aAsuntos Sociales |
| 700 | 1 |
_99711 _aClegg, Daniel |
|
| 700 | 1 |
_936871 _aGoerne, Alexander |
|
| 773 | 0 |
_984339 _dCambridge (The Edinburg Building, Shatesbury Road, CB2 2RU), [etc.] Cambridge University Press [ca. 1971]- _o087241 _tJournal of social policy _w(ES-MaCES)25625 _gvol. 45, part. 2 (Apr. 2016) {10620 R. 087241} ;p. 21-38 |
|
| 902 | _aART Artículo de revista | ||
| 942 |
_2CES _cAR _h3.3. |
||
| 999 |
_c47623 _d47623 |
||